000 00341nam a22001337a 4500
008 181203b xxu||||| |||| 00| 0 eng d
020 _a9780495913832
041 _aeng
080 _22nd
_a371
100 _a46
101 _aEDU
245 _aThe Adult Learner's Companionn A Guide for the Adult College Student
_cDavis,D
942 _2udc
_cBK
999 _c52721
_d52721